Statistics for top 50 movies

Click here to take the quiz!

General Stats

  • This quiz has been taken 16 times
  • The average score is 11 of 50

Answer Stats

#hintAnswer% Correct
4THE mafia moviethe godfather
100%
5the first rulefight club
86%
3shine boxgoodfellas
79%
9you talking to metaxi driver
71%
28the smell of napalm in the
morning
apocalypse now
64%
15nobody puts baby in a
corner
dirty dancing
64%
37yippi ki ya mutha f'erdie hard
57%
14momma told me they were
my magic shoes
forrest gump
57%
22the hills are alive with the-sound of music
50%
29are you not entertainedgladiator
43%
12english muthaf&%#a do
you speak it
pulp fiction
43%
2rehibilitation means to meshawshank redemption
43%
26alrighty thenace ventura
36%
11wanna know how i got the
scars
dark knight
29%
42my life is nothing but a comedyjoker
29%
46im so mean i make medicine sickali
21%
39puny godavengers
21%
13you want the truth you cant
handle the truth
few good men
21%
36THATS HOW WINNING IS
DONE
rocky
21%
21i could have got moreschindlers list
21%
40admiral we must keep our faith
in gojira
godzilla
14%
20if we played em 10 times
they might win nine BUT NOT
THIS ONE
miracle
14%
25left side STRONG SIDE
LEFT SIDE strong side
remember the titans
14%
30keep your hands off my lobby
boy
grand Budapest
7%
1im sorry bossgreen mile
7%
31we need a big kickinception
7%
41dont use 7 words when 4 will
do
oceans 11
7%
44were not supposed to be freinds
you and me
the boy in the striped pajamas
7%
47chief just jump and put it in the
basket
the one flew over the cuckoos nest
7%
49i feel bad that you feel bad about
me feeling bad
tick tick boom
7%
17now the question is, is all this
legal absolutely f'in not
wolf of wall street
7%
35when we awoke in this world it
was chaos
9
0%
48the human spirit is more powerful
then a drug
awakenings
0%
33any moment will be lost in time
like tears in rain
blade runner 2049
0%
43you guys are like twins and stuffbrothers
0%
8make life extrodinarydead poets society
0%
18wait he say your name is
shoots
django unchained
0%
34i must shoot straighter than my
enemy
full metal jacket
0%
16i mean i told you not to go
in that house
get out
0%
27this is not a test this is rock
and roll
good morning veitnam
0%
10disrespect my wife again
and i will end you
good will hunting
0%
38------- always stick togethergoonies
0%
45elvis isnt dead he just went homemen in black
0%
24i know you dont love me
dont say you do
misery
0%
6buy a ticketnightcrawler
0%
23rich people are niaveparacite
0%
32hes not a person anymoreprisoners
0%
19i think i aughta knock his
block off
rocky 2
0%
7THE second mafia moviethe godfather pt 2
0%
50this isnt the real mexicotouch of evil
0%

Score Distribution

Percentile by Number Answered

Percent of People with Each Score

Your Score History

You have not taken this quiz